| Tag |
First Indicator |
Second Indicator |
Subfields |
| LEADER |
00000cem a2200000 a 4500 |
| 001 |
in00001330213 |
| 005 |
20151005075300.0 |
| 007 |
aj canzn |
| 008 |
960904s1996 mduagekbd a f 0 eng d |
| 010 |
|
|
|a gp 96078517
|
| 034 |
1 |
|
|a a
|b 300000
|d W0792800
|e W0763000
|f S0100500
|g S0120600
|
| 035 |
|
|
|a (OCoLC)35359575
|
| 035 |
|
|
|9 AHD1358AM
|
| 037 |
|
|
|a NSN 7642-01-401-4574
|b DOD
|
| 037 |
|
|
|a 22 ACO 22160
|b DMA
|
| 040 |
|
|
|a GPO
|c GPO
|d DLC
|d MvI
|d UtOrBLW
|
| 052 |
|
|
|a 5312
|b C6
|
| 052 |
|
|
|a 9250
|
| 074 |
|
|
|a 0378-E-22
|
| 086 |
0 |
|
|a D 5.356:22160/996
|
| 110 |
1 |
|
|a United States.
|b Defense Mapping Agency.
|
| 245 |
1 |
0 |
|a South America, Peru, Punta Cabeza de Lagarto to Callao.
|
| 246 |
3 |
0 |
|a Punta Cabeza de Lagarto to Callao
|
| 250 |
|
|
|a 2nd ed., May 25, 1996 (Correct through NM 21/96).
|
| 255 |
|
|
|a Scale 1:300,000 at lat. 11⁰30ʹ ;
|b Mercator proj.
|c (W 79⁰28ʹ--W 76⁰30ʹ/S 10⁰05ʹ--S 12⁰06ʹ).
|
| 264 |
|
1 |
|a [Bethesda, Md.] :
|b The Agency ;
|c [1996]
|
| 264 |
|
2 |
|a [Riverdale, Md.] :
|b [NOAA Distribution Branch, N/CG33, National Ocean Service, distributor],
|
| 300 |
|
|
|a 1 map :
|b color ;
|c 74 x 108 cm.
|
| 336 |
|
|
|a cartographic image
|b cri
|2 rdacontent
|
| 337 |
|
|
|a unmediated
|b n
|2 rdamedia
|
| 338 |
|
|
|a sheet
|b nb
|2 rdacarrier
|
| 500 |
|
|
|a Depths shown by isolines and soundings.
|
| 500 |
|
|
|a Relief shown by contours, hachures, and spot heights.
|
| 500 |
|
|
|a "From various sources to 1983."
|
| 500 |
|
|
|a "Copyright 1996 by the United States Government. No copyright claimed under Title 17 U.S.C."
|
| 500 |
|
|
|a "Soundings in meters."
|
| 500 |
|
|
|a Includes compilation diagram.
|
| 500 |
|
|
|a Cartographic material.
|
| 650 |
|
0 |
|a Harbors
|z Peru
|x Maps.
|
| 650 |
|
0 |
|a Nautical charts
|z Oceania.
|
| 651 |
|
0 |
|a Pacific Coast (Peru)
|
| 651 |
|
0 |
|a South Pacific Ocean
|x Navigation.
|
| 999 |
|
|
|a MARS
|
| 999 |
f |
f |
|s 28473c12-6fac-352a-9874-06579f574bbe
|i faa9e879-895b-3768-a48b-7697c35a4aeb
|t 0
|
| 952 |
f |
f |
|p normal
|a Texas A&M University
|b College Station
|c Sterling C. Evans Library
|d Evans: Maps (2nd floor)
|t 0
|e D 5.356: 22160
|h Superintendent of Documents classification
|i unmediated -- sheet
|m A14818054963
|
| 998 |
f |
f |
|a D 5.356: 22160
|t 0
|l Evans: Maps (2nd floor)
|